L'Allemagne a la Fin du moyen age (Registro nro. 85987)
[ vista simple ]
| 000 -ENCABEZADO | |
|---|---|
| Número de control [NR] | 00585nam a22001697a 4500 |
| 008 - DE LONGITUD FIJA DE DATOS DE ELEMENTOS - INFORMACIÓN GENERAL | |
| Elementos de longitud fija [NR] | 130821s1902 fr gr fre |
| 040 ## - FUENTE DE CATALOGACION [NR] | |
| Agencia de catalogación original [NR] | Co-BoUCM |
| Idioma de catalogación [NR] | spa |
| 041 00 - CODIGO DE IDIOMA [R] | |
| Código de idioma para texto/pista de sonido o título separado [R] | Francés |
| 100 ## - ASIENTO PRINCIPAL--NOMBRE PERSONAL [NR] | |
| Nombre personal [NR] | Janssen, Jean |
| ID Autoridad | 62817 |
| 245 03 - MENCION DE TITULO [NR] | |
| Título [NR] | L'Allemagne a la Fin du moyen age |
| Mención de responsabilidad, etc. [NR] | Par Jean Janssen ; traduit par E. Paris ; préface de M. G. A. Heinrich |
| 250 ## - MENCION DE EDICION [NR] | |
| Mención de edición [NR] | 2a. ed. |
| 260 ## - PUBLICACION, DISTRIBUCION, ETC. (PIE DE IMPRENTA) [R] | |
| Lugar de publicación, distribución, etc. [R] | París (Francia) |
| Nombre del editor, distribuidor, etc. [R] | Librairie Plon-Nourrit |
| Fecha de publicación, distribución, etc. [R] | 1902 |
| 300 ## - DESCRIPCION FISICA [R] | |
| Extensión [R] | 602 páginas |
| 500 ## - NOTA GENERAL [R] | |
| Nota general [NR] | Notas al pie del texto |
| 942 ## - ELEMENTOS DE ENTRADA AGREGADOS (KOHA) | |
| Tipo de ítem principal el descrito en 300a | Libro |
| Tema principal | [No clasificado] |
| Edición | 2 |
| Parte restante de la signatura top. | J15 |
| Título oculto en OPAC | No |
| Sistema de clasificación | DEWEY |
| Clasificación | 943 |
| Signatura topográfica | Código de barras | Última vez visto | Volúmen / Fascículo | Ejemplar | Price effective from | Tipo de ítem | Perdido | Sistema de clasificación | Dañado | No prestable | Tipo de ítem específico | Suprimido | Ubicación habitual | Ubicación actual | Localización | Fecha de creación | Forma de adquisición | Costo |
|---|---|---|---|---|---|---|---|---|---|---|---|---|---|---|---|---|---|---|
| FCS 943 J15 | 120001464 | 09/07/2012 | 2A.ED. 1902 | Ej.1 | 03/02/2013 | Libro | DEWEY | Fondos especiales | Archivo Histórico | Archivo histórico | 28/02/2003 | Donación | 1000.00 |